| 000 | 00993 a2200181 4500 | ||
|---|---|---|---|
| 003 | Nust | ||
| 005 | 20250925112958.0 | ||
| 040 | _cNust | ||
| 082 | _a510 | ||
| 100 |
_aHardy G.H _939147 |
||
| 245 |
_aA Course Of Pure Mathematics _cG.H Hardy |
||
| 250 | _a10th ed | ||
| 260 |
_aLondon _bCambridge university _c1963 |
||
| 300 | _a509p | ||
| 505 | _aReal Variables (Page-1) Functions of Real Variables (Page-40) Complex Numbers (Page-72) Limits of Functions of a Positive Integral Variable (Page-110) Limits of Functions of A Continuous Variable Continuous and Discontinuous Functions (Page-172) Derivatives and Integrals (Page-210) Additional Theorems in the Differential and Integral Calculus (Page-285) The Convergence of Infinite Series and Infinite Integrals (Page-341) The Logarithms Exponential and Circular Function of A Real Variables (Page-398) The General Theory of The Logarithmic Exponential and Circular Functions (Page-447) | ||
| 650 |
_aMathematic _9130698 |
||
| 942 |
_2ddc _cBK |
||
| 999 |
_c180109 _d180109 |
||